Normal view
MARC view
- Sidra Til Muntaha
Entry Personal Name
001 - CONTROL NUMBER
- control field: 133512
003 - CONTROL NUMBER IDENTIFIER
- control field: NUST
005 - DATE AND TIME OF LATEST TRANSACTION
- control field: 20260302105636.0
008 - FIXED-LENGTH DATA ELEMENTS
- fixed length control field: 260302|| aca||aabn | a|a d
040 ## - CATALOGING SOURCE
- Original cataloging agency: NUST
- Transcribing agency: NUST
100 ## - HEADING--PERSONAL NAME
- Personal name: Sidra Til Muntaha
670 ## - SOURCE DATA FOUND
- Source citation: Work cat.: (NUST): Sidra Til Muntaha, , E-Brand Hate and E-Brand Cancellation of Online Dating Show: The Role of Ideological incompatibility, Symbolic Incongruity and Advertising Incongruity in a moderation of Moral Courage/
